000 00346 a2200157 4500
001 151954
040 _cEscola São Tomás de Aquino
100 _aRENNÓ, Cecilia.
240 1 0 _aTá ligado ?
_lpor
245 1 0 _aTá ligado ?
300 _a39
362 0 _a2008
440 1 _aEditora do Brasil
697 _a*LITERATURA JUVENIL
942 _cBK
999 _c151954
_d151954